| 000 | 01004nam a22002897a 4500 | ||
|---|---|---|---|
| 001 | 7114 | ||
| 003 | FISKH | ||
| 005 | 20250624095034.0 | ||
| 008 | 250624b cb ||||| |||| 00| 0 eng d | ||
| 020 | _a9780356111711 | ||
| 040 |
_aFISKH _beng _cFISKH _dFISKH |
||
| 050 | _aQP451.R68 | ||
| 082 | _a612.88 | ||
| 100 | _aRoyston, Robert | ||
| 245 |
_aTouch and felling / _cBy Robert Royston |
||
| 250 | _aFirst published in Great Britain in 1985 | ||
| 260 |
_aLondon : _bMacdonald Educational , _c1985. |
||
| 300 |
_a30 pages : _bcolor illustrations ; _c24 cm . |
||
| 490 | _aMy first library | ||
| 505 | _aM | ||
| 520 | _aExplains how the sense of touch works through the skin, nervous system, and brain to register pressure, temperature, texture, and pain. Includes simple experiments for further exploration of touch and feeling. | ||
| 521 | 8 |
_a550
_bLexile estimate |
|
| 521 | 8 |
_aM
_bRaz-Plus |
|
| 650 |
_aTouch _vJuvenile Literature |
||
| 942 |
_2ddc _cBK _n0 |
||
| 999 |
_c7114 _d7114 |
||